<?xml version="1.0" encoding="UTF-8"?>
<record
    xmlns:xsi="http://www.w3.org/2001/XMLSchema-instance"
    xsi:schemaLocation="http://www.loc.gov/MARC21/slim http://www.loc.gov/standards/marcxml/schema/MARC21slim.xsd"
    xmlns="http://www.loc.gov/MARC21/slim">

  <leader>03961nam a22004097a 4500</leader>
  <controlfield tag="005">2010092509469.0</controlfield>
  <datafield tag="010" ind1=" " ind2=" ">
    <subfield code="a">B-410985-999</subfield>
  </datafield>
  <datafield tag="020" ind1=" " ind2=" ">
    <subfield code="a">9788184882261</subfield>
    <subfield code="c">440.00</subfield>
  </datafield>
  <datafield tag="035" ind1=" " ind2=" ">
    <subfield code="a">B-410985-999</subfield>
  </datafield>
  <datafield tag="037" ind1=" " ind2=" ">
    <subfield code="b">PUB</subfield>
  </datafield>
  <datafield tag="082" ind1=" " ind2=" ">
    <subfield code="a">658.4033</subfield>
  </datafield>
  <datafield tag="100" ind1=" " ind2=" ">
    <subfield code="a">Bharadwaj, R. K.</subfield>
    <subfield code="9">21543</subfield>
  </datafield>
  <datafield tag="245" ind1=" " ind2=" ">
    <subfield code="a">Quantitative techniques for business managers /</subfield>
    <subfield code="c">by R.K. Bharadwaj, Anuradha Rajkonwar Chetiya and Kakali Majumdar</subfield>
  </datafield>
  <datafield tag="250" ind1=" " ind2=" ">
    <subfield code="a">1st ed.</subfield>
  </datafield>
  <datafield tag="260" ind1=" " ind2=" ">
    <subfield code="a">New Delhi</subfield>
    <subfield code="b">Himalaya Publishing House</subfield>
    <subfield code="c">2009</subfield>
  </datafield>
  <datafield tag="270" ind1=" " ind2=" ">
    <subfield code="a">Pooja Apartments, 4-B, Murari Lal Street, Ansari Road, Darya Gang</subfield>
    <subfield code="b">New Delhi</subfield>
    <subfield code="e">110002</subfield>
  </datafield>
  <datafield tag="300" ind1=" " ind2=" ">
    <subfield code="a">624p. :</subfield>
    <subfield code="c">28 cm. (Pbk)</subfield>
    <subfield code="e">illu.</subfield>
  </datafield>
  <datafield tag="700" ind1=" " ind2=" ">
    <subfield code="a">Chetiya, Anuradha R.</subfield>
    <subfield code="9">21544</subfield>
  </datafield>
  <datafield tag="700" ind1=" " ind2=" ">
    <subfield code="a">Majumdar, Kakali</subfield>
    <subfield code="9">21545</subfield>
  </datafield>
  <datafield tag="942" ind1=" " ind2=" ">
    <subfield code="2">ddc</subfield>
    <subfield code="c">EN</subfield>
    <subfield code="m">BHA</subfield>
    <subfield code="h">658.4033</subfield>
  </datafield>
  <datafield tag="999" ind1=" " ind2=" ">
    <subfield code="c">35908</subfield>
    <subfield code="d">35908</subfield>
  </datafield>
  <datafield tag="952" ind1=" " ind2=" ">
    <subfield code="0">0</subfield>
    <subfield code="1">0</subfield>
    <subfield code="4">0</subfield>
    <subfield code="7">0</subfield>
    <subfield code="8">NFIC</subfield>
    <subfield code="a">L</subfield>
    <subfield code="b">L</subfield>
    <subfield code="d">2010-09-25</subfield>
    <subfield code="e">Himalaya Publishing House/A434512/13.07.10/37/1.07.10/17.07.10</subfield>
    <subfield code="g">440.00</subfield>
    <subfield code="l">0</subfield>
    <subfield code="o">658.4033 BHA</subfield>
    <subfield code="p">B-410985</subfield>
    <subfield code="r">2010-09-25 00:00:00</subfield>
    <subfield code="t">1</subfield>
    <subfield code="v">440.00</subfield>
    <subfield code="w">2010-09-25</subfield>
    <subfield code="y">EN</subfield>
  </datafield>
  <datafield tag="952" ind1=" " ind2=" ">
    <subfield code="0">0</subfield>
    <subfield code="1">0</subfield>
    <subfield code="4">0</subfield>
    <subfield code="7">0</subfield>
    <subfield code="8">NFIC</subfield>
    <subfield code="a">M</subfield>
    <subfield code="b">M</subfield>
    <subfield code="d">2010-09-25</subfield>
    <subfield code="e">Himalaya Publishing House/A434512/13.07.10/37/1.07.10/17.07.10</subfield>
    <subfield code="g">440.00</subfield>
    <subfield code="l">0</subfield>
    <subfield code="o">658.4033 BHA</subfield>
    <subfield code="p">B-410986</subfield>
    <subfield code="r">2010-09-25 00:00:00</subfield>
    <subfield code="t">4</subfield>
    <subfield code="v">440.00</subfield>
    <subfield code="w">2010-09-25</subfield>
    <subfield code="y">EN</subfield>
  </datafield>
  <datafield tag="952" ind1=" " ind2=" ">
    <subfield code="0">0</subfield>
    <subfield code="1">0</subfield>
    <subfield code="4">0</subfield>
    <subfield code="7">0</subfield>
    <subfield code="8">NFIC</subfield>
    <subfield code="a">M</subfield>
    <subfield code="b">M</subfield>
    <subfield code="d">2010-09-25</subfield>
    <subfield code="e">Himalaya Publishing House/A434512/13.07.10/37/1.07.10/17.07.10</subfield>
    <subfield code="g">440.00</subfield>
    <subfield code="l">0</subfield>
    <subfield code="o">658.4033 BHA</subfield>
    <subfield code="p">B-410987</subfield>
    <subfield code="r">2010-09-25 00:00:00</subfield>
    <subfield code="t">4</subfield>
    <subfield code="v">440.00</subfield>
    <subfield code="w">2010-09-25</subfield>
    <subfield code="y">EN</subfield>
  </datafield>
  <datafield tag="952" ind1=" " ind2=" ">
    <subfield code="0">0</subfield>
    <subfield code="1">0</subfield>
    <subfield code="4">0</subfield>
    <subfield code="7">0</subfield>
    <subfield code="8">NFIC</subfield>
    <subfield code="a">M</subfield>
    <subfield code="b">M</subfield>
    <subfield code="d">2010-09-25</subfield>
    <subfield code="e">Himalaya Publishing House/A434512/13.07.10/37/1.07.10/17.07.10</subfield>
    <subfield code="g">440.00</subfield>
    <subfield code="l">0</subfield>
    <subfield code="o">658.4033 BHA</subfield>
    <subfield code="p">B-410988</subfield>
    <subfield code="r">2010-09-25 00:00:00</subfield>
    <subfield code="t">4</subfield>
    <subfield code="v">440.00</subfield>
    <subfield code="w">2010-09-25</subfield>
    <subfield code="y">EN</subfield>
  </datafield>
  <datafield tag="952" ind1=" " ind2=" ">
    <subfield code="0">0</subfield>
    <subfield code="1">0</subfield>
    <subfield code="4">0</subfield>
    <subfield code="7">0</subfield>
    <subfield code="8">NFIC</subfield>
    <subfield code="a">M</subfield>
    <subfield code="b">M</subfield>
    <subfield code="d">2010-09-25</subfield>
    <subfield code="e">Himalaya Publishing House/A434512/13.07.10/37/1.07.10/17.07.10</subfield>
    <subfield code="g">440.00</subfield>
    <subfield code="l">0</subfield>
    <subfield code="o">658.4033 BHA</subfield>
    <subfield code="p">B-410989</subfield>
    <subfield code="r">2010-09-25 00:00:00</subfield>
    <subfield code="t">4</subfield>
    <subfield code="v">440.00</subfield>
    <subfield code="w">2010-09-25</subfield>
    <subfield code="y">EN</subfield>
  </datafield>
  <datafield tag="952" ind1=" " ind2=" ">
    <subfield code="0">0</subfield>
    <subfield code="1">0</subfield>
    <subfield code="4">0</subfield>
    <subfield code="7">0</subfield>
    <subfield code="8">NFIC</subfield>
    <subfield code="a">BL1</subfield>
    <subfield code="b">BL1</subfield>
    <subfield code="d">2010-09-25</subfield>
    <subfield code="e">Himalaya Publishing House/A434512/13.07.10/37/1.07.10/17.07.10</subfield>
    <subfield code="g">440.00</subfield>
    <subfield code="l">0</subfield>
    <subfield code="o">658.4033 BHA</subfield>
    <subfield code="p">B-410990</subfield>
    <subfield code="r">2010-09-25 00:00:00</subfield>
    <subfield code="t">1</subfield>
    <subfield code="v">440.00</subfield>
    <subfield code="w">2010-09-25</subfield>
    <subfield code="y">EN</subfield>
  </datafield>
  <datafield tag="952" ind1=" " ind2=" ">
    <subfield code="0">0</subfield>
    <subfield code="1">0</subfield>
    <subfield code="4">0</subfield>
    <subfield code="7">0</subfield>
    <subfield code="8">NFIC</subfield>
    <subfield code="a">KGM</subfield>
    <subfield code="b">KGM</subfield>
    <subfield code="d">2010-09-25</subfield>
    <subfield code="e">Himalaya Publishing House/A434512/13.07.10/37/1.07.10/17.07.10</subfield>
    <subfield code="g">440.00</subfield>
    <subfield code="l">0</subfield>
    <subfield code="o">658.4033 BHA</subfield>
    <subfield code="p">B-410991</subfield>
    <subfield code="r">2010-09-25 00:00:00</subfield>
    <subfield code="t">1</subfield>
    <subfield code="v">440.00</subfield>
    <subfield code="w">2010-09-25</subfield>
    <subfield code="y">EN</subfield>
  </datafield>
  <datafield tag="952" ind1=" " ind2=" ">
    <subfield code="0">0</subfield>
    <subfield code="1">0</subfield>
    <subfield code="4">0</subfield>
    <subfield code="7">0</subfield>
    <subfield code="8">NFIC</subfield>
    <subfield code="a">PR</subfield>
    <subfield code="b">PR</subfield>
    <subfield code="d">2010-09-25</subfield>
    <subfield code="e">Himalaya Publishing House/A434512/13.07.10/37/1.07.10/17.07.10</subfield>
    <subfield code="g">440.00</subfield>
    <subfield code="l">0</subfield>
    <subfield code="o">658.4033 BHA</subfield>
    <subfield code="p">B-410992</subfield>
    <subfield code="r">2010-09-25 00:00:00</subfield>
    <subfield code="t">1</subfield>
    <subfield code="v">440.00</subfield>
    <subfield code="w">2010-09-25</subfield>
    <subfield code="y">EN</subfield>
  </datafield>
  <datafield tag="952" ind1=" " ind2=" ">
    <subfield code="0">0</subfield>
    <subfield code="1">0</subfield>
    <subfield code="4">0</subfield>
    <subfield code="7">0</subfield>
    <subfield code="8">NFIC</subfield>
    <subfield code="a">TN</subfield>
    <subfield code="b">TN</subfield>
    <subfield code="d">2010-09-25</subfield>
    <subfield code="e">Himalaya Publishing House/A434512/13.07.10/37/1.07.10/17.07.10</subfield>
    <subfield code="g">440.00</subfield>
    <subfield code="l">0</subfield>
    <subfield code="o">658.4033 BHA</subfield>
    <subfield code="p">B-410993</subfield>
    <subfield code="r">2010-09-25 00:00:00</subfield>
    <subfield code="t">1</subfield>
    <subfield code="v">440.00</subfield>
    <subfield code="w">2010-09-25</subfield>
    <subfield code="y">EN</subfield>
  </datafield>
  <datafield tag="952" ind1=" " ind2=" ">
    <subfield code="0">0</subfield>
    <subfield code="1">0</subfield>
    <subfield code="4">0</subfield>
    <subfield code="7">0</subfield>
    <subfield code="8">NFIC</subfield>
    <subfield code="a">JP</subfield>
    <subfield code="b">JP</subfield>
    <subfield code="d">2010-09-25</subfield>
    <subfield code="e">Himalaya Publishing House/A434512/13.07.10/37/1.07.10/17.07.10</subfield>
    <subfield code="g">440.00</subfield>
    <subfield code="l">12</subfield>
    <subfield code="o">658.4033 BHA</subfield>
    <subfield code="p">B-410994</subfield>
    <subfield code="r">2012-08-01 00:00:00</subfield>
    <subfield code="s">2012-07-17</subfield>
    <subfield code="t">2</subfield>
    <subfield code="v">440.00</subfield>
    <subfield code="w">2010-09-25</subfield>
    <subfield code="y">EN</subfield>
  </datafield>
  <datafield tag="952" ind1=" " ind2=" ">
    <subfield code="0">0</subfield>
    <subfield code="1">0</subfield>
    <subfield code="4">0</subfield>
    <subfield code="7">0</subfield>
    <subfield code="8">NFIC</subfield>
    <subfield code="a">JP</subfield>
    <subfield code="b">JP</subfield>
    <subfield code="d">2010-09-25</subfield>
    <subfield code="e">Himalaya Publishing House/A434512/13.07.10/37/1.07.10/17.07.10</subfield>
    <subfield code="g">440.00</subfield>
    <subfield code="l">7</subfield>
    <subfield code="o">658.4033 BHA</subfield>
    <subfield code="p">B-410995</subfield>
    <subfield code="r">2013-11-30 00:00:00</subfield>
    <subfield code="s">2013-11-09</subfield>
    <subfield code="t">2</subfield>
    <subfield code="v">440.00</subfield>
    <subfield code="w">2010-09-25</subfield>
    <subfield code="y">EN</subfield>
  </datafield>
  <datafield tag="952" ind1=" " ind2=" ">
    <subfield code="0">0</subfield>
    <subfield code="1">0</subfield>
    <subfield code="4">0</subfield>
    <subfield code="7">0</subfield>
    <subfield code="8">NFIC</subfield>
    <subfield code="a">ZLS</subfield>
    <subfield code="b">ZLS</subfield>
    <subfield code="d">2010-09-25</subfield>
    <subfield code="e">Himalaya Publishing House/A434512/13.07.10/37/1.07.10/17.07.10</subfield>
    <subfield code="g">440.00</subfield>
    <subfield code="l">5</subfield>
    <subfield code="m">2</subfield>
    <subfield code="o">658.4033 BHA</subfield>
    <subfield code="p">B-410996</subfield>
    <subfield code="r">2023-07-03 00:00:00</subfield>
    <subfield code="s">2023-05-22</subfield>
    <subfield code="t">1</subfield>
    <subfield code="v">440.00</subfield>
    <subfield code="w">2010-09-25</subfield>
    <subfield code="y">EN</subfield>
  </datafield>
  <datafield tag="952" ind1=" " ind2=" ">
    <subfield code="0">0</subfield>
    <subfield code="1">0</subfield>
    <subfield code="4">0</subfield>
    <subfield code="7">0</subfield>
    <subfield code="8">NFIC</subfield>
    <subfield code="a">VP</subfield>
    <subfield code="b">VP</subfield>
    <subfield code="d">2010-09-25</subfield>
    <subfield code="e">Himalaya Publishing House/A434512/13.07.10/37/1.07.10/17.07.10</subfield>
    <subfield code="g">440.00</subfield>
    <subfield code="l">7</subfield>
    <subfield code="m">5</subfield>
    <subfield code="o">658.4033 BHA</subfield>
    <subfield code="p">B-410997</subfield>
    <subfield code="q">2022-04-07</subfield>
    <subfield code="r">2022-03-24 00:00:00</subfield>
    <subfield code="s">2022-03-24</subfield>
    <subfield code="t">1</subfield>
    <subfield code="v">440.00</subfield>
    <subfield code="w">2010-09-25</subfield>
    <subfield code="y">EN</subfield>
  </datafield>
  <datafield tag="952" ind1=" " ind2=" ">
    <subfield code="0">0</subfield>
    <subfield code="1">0</subfield>
    <subfield code="4">0</subfield>
    <subfield code="7">0</subfield>
    <subfield code="8">NFIC</subfield>
    <subfield code="a">BL3</subfield>
    <subfield code="b">BL3</subfield>
    <subfield code="d">2010-09-25</subfield>
    <subfield code="e">Himalaya Publishing House/A434512/13.07.10/37/1.07.10/17.07.10</subfield>
    <subfield code="g">440.00</subfield>
    <subfield code="l">0</subfield>
    <subfield code="o">658.4033 BHA</subfield>
    <subfield code="p">B-410998</subfield>
    <subfield code="r">2010-09-25 00:00:00</subfield>
    <subfield code="t">1</subfield>
    <subfield code="v">440.00</subfield>
    <subfield code="w">2010-09-25</subfield>
    <subfield code="y">EN</subfield>
  </datafield>
  <datafield tag="952" ind1=" " ind2=" ">
    <subfield code="0">0</subfield>
    <subfield code="1">5</subfield>
    <subfield code="4">0</subfield>
    <subfield code="7">0</subfield>
    <subfield code="8">NFIC</subfield>
    <subfield code="a">BL4</subfield>
    <subfield code="b">BL4</subfield>
    <subfield code="d">2010-09-25</subfield>
    <subfield code="e">Himalaya Publishing House/A434512/13.07.10/37/1.07.10/17.07.10</subfield>
    <subfield code="g">440.00</subfield>
    <subfield code="l">0</subfield>
    <subfield code="o">658.4033 BHA</subfield>
    <subfield code="p">B-410999</subfield>
    <subfield code="r">2010-09-25 00:00:00</subfield>
    <subfield code="t">1</subfield>
    <subfield code="v">440.00</subfield>
    <subfield code="y">EN</subfield>
  </datafield>
</record>
